| 000 | 01199cam a2200289 i 4500 | ||
|---|---|---|---|
| 005 | 20260311174245.0 | ||
| 008 | 121107s2013 ohu b 000 0 eng | ||
| 020 | _a9780923993474 | ||
| 040 |
_aKABLIB _beng _erda _cKABLIB |
||
| 082 |
_223 _a321.8 _bFIS |
||
| 100 | 1 |
_aFisher, Julie, _d1941- _915684 |
|
| 245 | 1 | 0 |
_aImporting democracy : _bthe role of NGOs in South Africa, Tajikistan, & Argentina / _cJulie Fisher. |
| 250 | _a1st ed. | ||
| 260 |
_aDayton, Ohio : _bKettering Foundation Press, _cc2013. |
||
| 300 |
_ax, 394 p. ; _c23 cm |
||
| 504 | _aIncludes bibliographical references (pages 354-394). | ||
| 650 | 0 |
_aDemocratization _vCase studies. _915685 |
|
| 650 | 0 |
_aDemocratization _zSouth Africa. _915686 |
|
| 650 | 0 |
_aDemocratization _zTajikistan. _915687 |
|
| 650 | 0 |
_aDemocratization _zArgentina. _915688 |
|
| 650 | 0 |
_aNon-governmental organizations _vCase studies. _915689 |
|
| 650 | 0 |
_aNon-governmental organizations _zSouth Africa. _915690 |
|
| 650 | 0 |
_aNon-governmental organizations _zTajikistan. _915691 |
|
| 650 | 0 |
_aNon-governmental organizations _zArgentina. _915692 |
|
| 655 | 7 |
_aCase studies. _2lcgft _0https://id.loc.gov/authorities/genreForms/gf2017026140 _93979 |
|
| 942 |
_2ddc _cBOOK |
||
| 999 |
_c6173 _d6173 |
||